Recent trends in international direct investment.

Gespeichert in:
Bibliographische Detailangaben
Körperschaft: Organisation for Economic Co-operation and Development
Format: Buch
Sprache:English
Veröffentlicht: Paris : [Washington, D.C. : Organisation for Economic Co-operation and Development ; OECD Publications and Information Centre, distributor], 1987.
Schlagworte:
LEADER 01502cam a2200349 a 4500
001 c000274916
003 CARM
005 20071026180538.0
008 870722s1987 fr b i000 0 eng
010 |a 88110334 
019 1 |a 5392775  |z 41348018  |z 45131591  |z 54046111  |z 57416733  |5 LACONCORD2021 
020 |a 9264129715 (pbk.) 
035 |a (OCoLC)16236999  |5 LACONCORD2021 
040 |a LC  |b eng  |c LC  |d ANL 
043 |a d------ 
050 4 |a HG4538  |b .R34 1987 
050 0 0 |a HG4538  |b .R34 1987 
050 1 4 |a HG4538  |b .R42 1987 
082 0 4 |a 332.6/73/091724  |2 19 
082 0 4 |a 332.673 
245 0 0 |a Recent trends in international direct investment. 
260 |a Paris :  |b Organisation for Economic Co-operation and Development ;  |a [Washington, D.C. :  |b OECD Publications and Information Centre, distributor],  |c 1987. 
300 |a 213 p. ;  |c 27 cm. 
500 |a At head of cover title: International investment and multinational enterprises. 
504 |a Includes bibliographies. 
650 0 |a Investments, Foreign. 
650 0 |a Investments, Foreign  |z Developing countries. 
710 2 |a Organisation for Economic Co-operation and Development. 
740 0 |a International investment and multinational enterprises : recent trends international direct investment. 
852 8 |b CARM  |h A1:AM11D0  |i F02829  |p 0391894  |f BK 
999 f f |i 58ee4bba-33af-5197-bb1a-f37dac11eb5b  |s 9c7444df-a438-58a0-b9b0-8a63f545c3b7 
952 f f |p Can circulate  |a CAVAL  |b CAVAL  |c CAVAL  |d CARM 1 Store  |e F02829  |f A1:AM11D0  |h Other scheme  |i book  |m 0391894